Rǧimen de incorporacin̤ fiscal 2016

Detalles Bibliográficos
Autor principal: Luna Guerra, Antonio
Formato: Libro
Lenguaje:español
Publicado: Mexico Ediciones Fiscales ISEF 2016
Materias:
Acceso en línea:Acceso restringido

MARC

LEADER 00000nam a22000007a 4500
005 20160620144116.0
007 cr|||| ||u|
008 160620s2016 mx ||||| |||| 00||0 spa d
020 |a 978-607-406-792-7 
035 |a 14296 
040 |a vLex  
090 |c 6195  |d 6195 
100 1 |a Luna Guerra, Antonio  
245 1 0 |a Rǧimen de incorporacin̤ fiscal 2016  |h [Recurs electronico] /   |c Antonio Luna Guerra  
256 |a Servicio en linea 
260 |a Mexico  |b Ediciones Fiscales ISEF  |c 2016 
300 |a 1 recurso electronico 
500 |a Desaparecen los regm̕enes de pequeǫs contribuyentes e intermedio; este libro da a conocer aquellas facilidades que podrǹ tener algunos contribuyentes que se incorporen a dicho rǧimen. 
506 1 |a Contenido solo disponible en los productos indicados  |d vLex Global  |d vLex Global (Academic Edition, excluding Law Schools)  |d vLex Global (U.S. Academic Edition, Law Schools)  |d vLex Global (U.S. Academic Edition, excluding Law Schools)  |d vLex Global (Academic Edition, Law Schools) 
650 0 4 |a Derecho fiscal  |b Mexico 
740 0 |a vLex libros (servicio en linea)  
856 4 0 |u http://vlex.com/source/regimen-de-incorporacion-fiscal-2016-14296  |z Acceso restringido 
942 |c BOOK 
999 0 |a Taxation  |b Mexico